|
|
|
|
| LEADER |
00000nam0a2200000 4500 |
| 001 |
88535 |
| 005 |
20231101213616.0 |
| 020 |
|
|
|a RU
|b 80-275
|
| 035 |
|
|
|a (RuTPU)RU\TPU\book\95019
|
| 090 |
|
|
|a 88535
|
| 100 |
|
|
|a 20051226d1978 m a0rusy5003 ca
|
| 101 |
0 |
|
|a rus
|
| 102 |
|
|
|a RU
|
| 105 |
|
|
|a a z 001zy
|
| 200 |
1 |
|
|a Промышленное и гражданское строительство в сложных условиях Заполярья
|e сборник научых статей
|f Красноярский государственный ун-т; Норильский вечерний индустриальный ин-т
|g под общ. ред. В. А. Павлова
|
| 210 |
|
|
|a Норильск
|c Норил. веч. индустр. ин-т
|d 1978
|
| 215 |
|
|
|a 137 с.
|c ил., 1 л. карт.
|d 21 см.
|
| 320 |
|
|
|a Библиогр. в конце статей
|
| 610 |
1 |
|
|a строительство
|
| 610 |
1 |
|
|a вечная мерзлота
|
| 610 |
1 |
|
|a сборники
|
| 610 |
1 |
|
|a Заполярье
|
| 610 |
1 |
|
|a экономическая эффективность
|
| 675 |
|
|
|a 624.139
|z rus
|
| 702 |
|
1 |
|a Павлов
|b В. А.
|4 340
|
| 712 |
0 |
2 |
|a Красноярский государственный университет
|2 stltpush
|3 (RuTPU)RU\TPU\col\9
|9 23123
|
| 712 |
0 |
2 |
|a Норильский вечерний индустриальный институт
|2 stltpush
|3 (RuTPU)RU\TPU\col\8115
|9 24485
|
| 801 |
|
0 |
|a RU
|b RuMRKP
|c 19950704
|g psbo
|
| 801 |
|
1 |
|a RU
|b 63413507
|c 20051226
|g PSBO
|
| 801 |
|
2 |
|a RU
|b 63413507
|c 20060131
|g PSBO
|
| 942 |
|
|
|c BK
|